| 000 | 00657nam a22002177a 4500 | ||
|---|---|---|---|
| 999 |
_c11649 _d11649 |
||
| 003 | AR-CdUCM | ||
| 008 | 190404b ||||| |||| 00| 0 spa d | ||
| 040 |
_aMUNICIPALIDAD PROVINCIAL DEL CUSCO _cBIBLIOTECA MUNICIPAL DEL CUSCO |
||
| 082 |
_aC / 869.56 / _bP44P |
||
| 100 |
_aPérez Ocampo, Gustavo _960 |
||
| 245 | _aPlural desvelo / | ||
| 260 |
_aCusco : _bGarcilaso, _c1958. |
||
| 300 |
_a61 páginas ; _c27 cm. |
||
| 500 | _aDedicatoria a Luis Nieto. | ||
| 505 | _aContenido: Poesías. | ||
| 650 |
_aLiteratura Peruanas _916514 |
||
| 650 |
_aPoesías Cusqueñas _96460 |
||
| 650 |
_aSiglo XX _98 |
||
| 942 |
_2ddc _cLIBROS |
||
| 945 |
_aachl _d2019-04-04 |
||